LEADER 01028nam0-22003371i-450- 001 990002893610403321 010 $a0-521-57471-4 035 $a000289361 035 $aFED01000289361 035 $a(Aleph)000289361FED01 035 $a000289361 100 $a20000920d1997----km-y0itay50------ba 101 0 $aENG 200 1 $aBootstrap methods and their applications$fA.C. Davidson, D.V. Hinkley 210 $aCambridge$cCambridge University press$dc1997 215 $ax, 582 p.$d25 cm$edischetto 225 1 $aCambridge series in statistical and probabilistic mathematics 610 0 $aInferenza statistica 610 0 $aInferenza non parametrica 610 0 $aBootstrap 676 $a519.5 700 1$aDavison,$bAnthony Christopher$0150791 702 1$aHinkley,$bDavid Victor 801 0$aIT$bUNINA$gRICA$2UNIMARC 901 $aBK 912 $a990002893610403321 952 $aX-B-37$b6342$fMAS 959 $aMAS 996 $aBootstrap methods and their applications$9466690 997 $aUNINA DB $aING01 LEADER 01130nam0 22003011i 450 001 SUN0034959 005 20110405101046.504 010 $a04-15-03536-8 100 $a20050330d1992 |0engc50 ba 101 $aeng 102 $aGB 105 $a|||| ||||| 200 1 $aTraffickers$edrug markets and law enforcement$fNicholas Dorn, Karim Murji and Nigel South 210 $aLondon$cRoutledge$d1992 215 $axvii, 253 p.$d22 cm. 606 $aDroga$xSpaccio internazionale$2FI$3SUNC015553 620 $aGB$dLondon$3SUNL000015 676 $a363.450941$v21 700 1$aDorn$b, Nicholas$3SUNV029469$0727852 702 1$aSouth$b, Nigel$3SUNV029470 702 1$aMurji$b, Karim$3SUNV029471 712 $aRoutledge$3SUNV000388$4650 801 $aIT$bSOL$c20181109$gRICA 912 $aSUN0034959 950 $aUFFICIO DI BIBLIOTECA DEL DIPARTIMENTO DI GIURISPRUDENZA$d00 CONS II.E.56 $e00 7898 995 $aUFFICIO DI BIBLIOTECA DEL DIPARTIMENTO DI GIURISPRUDENZA$h7898$kCONS II.E.56$op$qa 996 $aTraffickers$91422710 997 $aUNICAMPANIA